| 000 | 00395 a2200157 4500 | ||
|---|---|---|---|
| 001 | 184348 | ||
| 020 | _a85-88266-01-6 | ||
| 040 | _cMagnum | ||
| 100 | _aBrandão, Heliana Maria | ||
| 240 | 1 | 0 |
_aO livro mágico das brincadeiras com papel _lpor |
| 245 | 1 | 0 | _aO livro mágico das brincadeiras com papel |
| 300 | _a193 | ||
| 362 | 0 | _a2003 | |
| 697 | _aLITERATURA INFANTO-JUVENIL | ||
| 942 | _cBK | ||
| 999 |
_c184348 _d184348 |
||